| 000 | 00000nam 2200000zi 4500 |
| 001 | 9.916034 |
| 003 | CaOODSP |
| 005 | 20221007153648 |
| 006 | m o d f |
| 007 | cr mn||||||||| |
| 008 | 221007e202210 onca ob f000 0 fre d |
| 040 | |aCaOODSP|bfre|erda|cCaOODSP |
| 043 | |an-cn--- |
| 086 | 1 |aNH18-35/2-2022F-PDF |
| 245 | 00|aContraintes liées à la capacité de main-d'Ĺ“uvre et offre de logements dans les grandes provinces du Canada. |
| 264 | 1|a[Ottawa] : |bSCHL = CMHC, |coctobre 2022. |
| 264 | 4|c©2022 |
| 300 | |a1 ressource en ligne (14, 4 pages) : |billustrations en couleur. |
| 336 | |atexte|btxt|2rdacontent/fre |
| 337 | |ainformatique|bc|2rdamedia/fre |
| 338 | |aressource en ligne|bcr|2rdacarrier/fre |
| 490 | 1 |aLe marché sous la loupe. Canada |
| 500 | |aPublié aussi en anglais sous le titre : Labour capacity constraints and supply across large provinces in Canada. |
| 500 | |a« Le marché de l'habitation. » |
| 504 | |aComprend des références bibliographiques. |
| 650 | 6|aLogement|xPrévision|zCanada. |
| 650 | 6|aHabitations|xConstruction|zCanada. |
| 650 | 6|aOuvriers de la construction|xOffre et demande|zCanada. |
| 710 | 2 |aSociété canadienne d'hypothèques et de logement, |eorganisme de publication. |
| 775 | 08|tLabour capacity constraints and supply across large provinces in Canada.|w(CaOODSP)9.916033 |
| 830 | #0|aLe marché sous la loupe. |w(CaOODSP)9.916022 |
| 856 | 40|qPDF|s790 Ko|uhttps://publications.gc.ca/collections/collection_2022/schl-cmhc/nh18-35/NH18-35-2-2022-fra.pdf |